000
00332nam a22001457a 4500
008
221205b ||||| |||| 00| 0 eng d
020
_a
9780077836375
041
_a
eng
080
_2
FOURTEENTH EDITION
_a
159.9
082
_a
159.9FOX
100
_a
25
101
_a
PSI
245
_a
HUMAN PHYSIOLOGY
_c
FOX IRA S
942
_2
udc
_c
BK
999
_c
59087
_d
59087